[Event "Klaipeda championship 2011"]
[Site "http://www.bokstas.net"]
[Date "2011.02.20"]
[Round "8.1"]
[White "Dubinskas Konstantinas"]
[Black "Jonuševičius Audrius"]
[WhiteElo "2052"]
[BlackElo "2090"]
[Result "1/2-1/2"]

1. d4 d5 2. Nf3 g6 3. c4 c6 4. Nc3 Nf6 5. cxd5 cxd5 6. Bg5 Bg7 7. e3 O-O 8. Qb3
e6 9. Bd3 Nc6 10. O-O b6 11. Rfc1 Bb7 12. Qa4 a6 13. b4 b5 14. Qb3 Qd6 15. Rab1
Na7 16. Bf4 Qd8 17. a4 bxa4 18. Nxa4 Nb5 19. Nc5 Qe7 20. Rc2 Nh5 21. Bg3 Nxg3
22. hxg3 Rfb8 23. Ra2 Bc8 24. Rba1 Qd6 25. Ra5 Nc7 26. Qc3 Qb6 27. Na4 Qb7 28.
Rc1 Ra7 29. Rc5 Bd7 30. Rxc7 Qxc7 31. Qxc7 Rxc7 32. Rxc7 Bxa4 33. Bxa6 Bf6 1/2-1/2

[Event "Klaipeda championship 2011"]
[Site "http://www.bokstas.net"]
[Date "2011.02.20"]
[Round "8.2"]
[White "Jocys Dalius"]
[Black "Černavina Ksenija"]
[WhiteElo "2207"]
[BlackElo "1755"]
[Result "1-0"]

1. d4 e6 2. Nf3 f5 3. c4 Nf6 4. Nc3 Bb4 5. Qb3 Qe7 6. a3 Bxc3+ 7. Qxc3 O-O 8.
g3 d6 9. Bg2 Nbd7 10. O-O e5 11. dxe5 dxe5 12. b4 e4 13. Nd4 Ne5 14. Bb2 Ng6
15. f4 c5 16. Nc2 Be6 17. Ne3 Rfd8 18. Bh3 cxb4 19. axb4 Qf7 20. Bxf5 Bxf5 21.
Nxf5 Rd7 22. Rfd1 Rc7 23. Ne3 a6 24. Qd4 Rd7 25. Qc5 Rc7 26. Qd4 Rd7 27. Qb6
Nh5 28. Rxd7 Qxd7 29. Rd1 Qh3 30. Rd8+ Rxd8 31. Qxd8+ Kf7 32. Qd5+ Kf8 33. Qxe4
Nxg3 34. hxg3 Qxg3+ 35. Ng2 Nh4 36. Kf1 Ng6 37. Qxb7 Ne7 38. Qf3 Qg6 39. e4
1-0

[Event "Klaipeda championship 2011"]
[Site "http://www.bokstas.net"]
[Date "2011.02.20"]
[Round "8.6"]
[White "Armonaitis Silvestras"]
[Black "Galuščak Viktoras"]
[WhiteElo "2108"]
[BlackElo "1815"]
[Result "1-0"]

1. c4 e6 2. e4 c5 3. Nc3 Nc6 4. Nf3 d6 5. d4 cxd4 6. Nxd4 Be7 7. Be3 Nf6 8. Be2
O-O 9. O-O e5 10. Nc2 Be6 11. Kh1 Qd7 12. f3 Rfc8 13. b3 Ne8 14. g4 Bf8 15. Qd2
Nf6 16. Rad1 b6 17. h3 Ne8 18. f4 exf4 19. Bxf4 Rd8 20. Ne3 Ne5 21. Qe1 Qc6 22.
Ncd5 Rd7 23. Nf5 Kh8 24. Nd4 Qb7 25. Nxe6 fxe6 26. Bxe5 Rf7 27. Bb2 exd5 28.
exd5 Rxf1+ 29. Qxf1 Kg8 30. Bd3 g6 31. Qe2 Bg7 32. Bc1 Be5 33. Bg5 Ng7 34. Rf1
Rf8 35. Rxf8+ Kxf8 36. Qf3+ Qf7 37. Kg2 Qxf3+ 38. Kxf3 Kf7 39. a4 Ne8 40. Bd8
Nf6 41. a5 Nd7 42. Bc2 Bc3 43. a6 Bb4 44. Bc7 Ke7 45. Ke3 Bc5+ 46. Kf4 Bb4 47.
h4 Bd2+ 48. Kg3 Bb4 49. g5 Nc5 50. Bxb6 Nxa6 51. Bxa7 Nc5 52. h5 Kf7 53. h6 Ba3
54. Bb6 Nd7 55. Ba5 Bc1 56. Kh4 Ke7 57. Bc3 Ne5 58. Bxe5 dxe5 59. Bxg6 1-0

[Event "Klaipeda championship 2011"]
[Site "http://www.bokstas.net"]
[Date "2011.03.27"]
[Round "9.1"]
[White "Galuščak Viktoras"]
[Black "Dubinskas Konstantinas"]
[WhiteElo "1815"]
[BlackElo "2052"]
[Result "1-0"]

1. e4 c5 2. Nc3 e6 3. f4 d5 4. e5 Ne7 5. Nf3 a6 6. a4 Nf5 7. Bd3 Nd4 8. Nxd4
cxd4 9. Ne2 Nc6 10. O-O f5 11. Kh1 h5 12. c3 Be7 13. b3 dxc3 14. dxc3 g6 15.
Be3 Kf7 16. Qc2 h4 17. Nd4 Bd7 18. Nxc6 Bxc6 19. Bd4 Qd7 20. Rf3 b5 21. g4 hxg3
22. Rxg3 Rh6 23. axb5 Bxb5 24. Qe2 Rah8 25. Rg2 Rc8 26. Bxb5 axb5 27. Ra7 Qc6
28. b4 Kf8 29. Rg1 Rc7 30. Rxc7 Qxc7 31. Qxb5 Rh4 32. Ra1 Rxf4 33. Ra8+ Kg7 34.
Qb8 Qxb8 35. Rxb8 Kh6 36. Be3 Bg5 37. Bxf4 Bxf4 38. Re8 Bxe5 39. Rxe6 Bxc3 40.
b5 Ba5 41. b6 Kg5 42. Rd6 d4 43. b7 Bc7 44. Rxd4 f4 45. Rc4 Bd6 46. Rc8 f3 47.
b8=Q Bxb8 48. Rxb8 Kf4 49. Kg1 Ke3 50. Re8+ 1-0

[Event "Klaipeda championship 2011"]
[Site "http://www.bokstas.net"]
[Date "2011.03.27"]
[Round "9.2"]
[White "Barščiauskas Gintautas"]
[Black "Armonaitis Silvestras"]
[WhiteElo "1891"]
[BlackElo "2108"]
[Result "0-1"]

1. d4 d6 2. e4 Nf6 3. Nc3 c6 4. Nf3 Bg4 5. Be2 e6 6. Ng5 Bxe2 7. Qxe2 Be7 8.
O-O h6 9. Nf3 d5 10. e5 Nfd7 11. Nd1 O-O 12. h3 c5 13. c3 Nc6 14. Bf4 cxd4 15.
cxd4 Qb6 16. Qe3 Rfc8 17. Rc1 Nf8 18. g4 Ng6 19. Bg3 Rc7 20. Rc3 Rac8 21. h4
Bb4 22. Rd3 Bf8 23. h5 Nge7 24. Kg2 Na5 25. b3 Nac6 26. Rd2 Nb4 27. Ne1 Rc1 28.
f4 Qb5 29. a4 Qd7 30. Rff2 g6 31. Bh4 gxh5 32. Bxe7 Bxe7 33. gxh5 Kh7 34. Nf3
Rg8+ 35. Kh2 Qe8 36. Rg2 f5 37. exf6 Qxh5+ 38. Kg1 Rxg2+ 39. Kxg2 Qg4+ 40. Kh2
Bxf6 41. Nf2 Qf5 42. Ne5 Nc2 43. Qd3 Qxd3 44. Nfxd3 Bxe5 45. fxe5 Nxd4 46. Rf2
Rc3 47. Nf4 Rxb3 48. Kg2 Re3 49. Rb2 b6 50. a5 b5 51. Rd2 Re4 52. Nd3 Nc6 53.
Rc2 Nxe5 54. Rc7+ Kg6 55. Nf2 Ra4 56. Rxa7 b4 57. Rb7 Rxa5 58. Rxb4 Ra2 59. Rd4
Kf5 60. Kf1 h5 61. Rh4 Kg5 62. Rd4 Nc6 63. Nh3+ Kf5 64. Rh4 Kg6 65. Rf4 e5 66.
Rf8 h4 67. Rg8+ Kf5 68. Rg5+ Ke4 69. Nf2+ Ke3 70. Rf5 d4 71. Rf6 Rc2 72. Ng4+
Ke4 73. Nf2+ Kd5 74. Rh6 e4 75. Rh5+ Kc4 76. Nxe4 Kd3 77. Nc5+ Ke3 78. Kg1 Kf3
79. Rd5 h3 80. Ne6 Kg3 81. Rg5+ Kf3 82. Rd5 Ke4 83. Rh5 d3 84. Ng5+ Kf4 85.
Nxh3+ Kg3 86. Rg5+ Kxh3 87. Rd5 d2 88. Kf1 Nb4 89. Rd8 Na2 90. Rd3+ Kg4 91. Ke2
Nc3+ 0-1

[Event "Klaipeda championship 2011"]
[Site "http://www.bokstas.net"]
[Date "2011.03.27"]
[Round "9.4"]
[White "Drozdov Sergej"]
[Black "Žasytis Žilvinas"]
[WhiteElo "1771"]
[BlackElo "2108"]
[Result "1-0"]

1. d4 f5 2. g3 g6 3. Bg2 Bg7 4. Nh3 d5 5. O-O Nf6 6. c4 e6 7. Nc3 c6 8. b3 Na6
9. Bb2 Nc7 10. f3 b5 11. cxb5 cxb5 12. Nf2 O-O 13. e3 b4 14. Na4 Bd7 15. Nc5
Bb5 16. Re1 Nd7 17. Nfd3 Bxd3 18. Nxd3 a5 19. Qc2 Rc8 20. Qc6 Rf6 21. Ne5 Nxe5
22. dxe5 Ne8 23. Qa6 Ra8 24. Qb5 Rf7 25. Rac1 Rb8 26. Qa6 Re7 27. Rc6 Ra8 28.
Qb5 Nc7 29. Qd3 Bf8 30. Rec1 a4 31. Bd4 axb3 32. axb3 Ne8 33. Bb6 Qd7 34. Bf1
Ra1 35. Qd2 Rxc1 36. Rxc1 Rf7 37. Qc2 Qb7 38. Qc6 Ng7 39. Bd4 Qxc6 40. Rxc6 Rb7
41. Rc8 g5 42. Bc5 Rf7 43. Bxb4 f4 44. exf4 gxf4 45. g4 h5 46. h3 hxg4 47. hxg4
d4 48. Bd3 1-0

[Event "Klaipeda championship 2011"]
[Site "http://www.bokstas.net"]
[Date "2011.03.27"]
[Round "9.5"]
[White "Černavina Ksenija"]
[Black "Vaitonis Vytautas"]
[WhiteElo "1755"]
[BlackElo "2029"]
[Result "1-0"]

1. d4 d5 2. c4 c6 3. Nc3 Nf6 4. Bg5 e6 5. Nf3 h6 6. Bh4 g5 7. Bg3 dxc4 8. e4 b5
9. a3 Bb7 10. e5 Nd5 11. Ne4 Nd7 12. Be2 Qa5+ 13. Nfd2 Qb6 14. Nf3 c5 15. dxc5
Nxc5 16. Nd6+ Bxd6 17. exd6 Ne4 18. d7+ Kxd7 19. Ne5+ Ke7 20. Bh5 Nxg3 21. hxg3
Rad8 22. Qe2 Nf6 23. O-O Rhf8 24. Rad1 Rd4 25. Rxd4 Qxd4 26. Bf3 Bxf3 27. Nxf3
Qc5 28. Rd1 Rd8 29. Rxd8 Kxd8 30. Qd2+ Ke7 31. Qe2 Kf8 32. Qd2 Ne4 33. Qc2 f5
34. g4 a6 35. gxf5 Qxf5 36. Qd1 Qd5 37. Qe1 Kf7 38. Qa5 Qc6 1-0

[Event "Klaipeda championship 2011"]
[Site "http://www.bokstas.net"]
[Date "2011.03.27"]
[Round "9.6"]
[White "Jonuševičius Audrius"]
[Black "Jocys Dalius"]
[WhiteElo "2090"]
[BlackElo "2207"]
[Result "0-1"]


1. e4 c5 2. f4  d5 3. e5 Nc6 4. Nf3 d4 5. Bc4 e6 6. O-O Nge7 7. d3 Nd5 8. Ng5 Be7 9. Ne4 O-O 10. Qh5 f5
11. exf6 Bxf6 12. Bxd5 exd5 13. Nxc5 Nb4 14. Na3 Qc7 15. Nb3 Nxc2 16. Qxd5+ Kh8
17. Nxc2 Qxc2 18. Qe4 Rd8 19. f5 a5 20. Nd2 Bd7 21. Qxb7 Qxd3 22. Qe4 Qb5 23.
a4 Qb4 24. b3 Qc3 25. Ra2 Bc6 26. Qc2 Qe3+ 27. Kh1 Rac8 28. Nc4 Qh3 29. Kg1 Qh4
30. Nxa5 d3 31. Qc4 Bd4+ 32. Kh1 Bxg2+ 33. Kxg2 Rxc4 34. Nxc4 Qe4+ 35. Rf3 Qg4+
36. Rg3 Qxf5 37. Bg5 Re8 38. a5 Re2+ 39. Rxe2 dxe2 0-1

[Event "Klaipeda championship 2011"]
[Site "http://www.bokstas.net"]
[Date "2011.04.03"]
[Round "10.1"]
[White "Dubinskas Konstantinas"]
[Black "Jocys Dalius"]
[WhiteElo "2052"]
[BlackElo "2090"]
[Result "0-1"]

1. d4 d5 2. c4 c6 3. Nc3 Nf6 4. Nf3 a6 5. cxd5 cxd5 6. Bf4 Nc6 7. e3 g6 8. Bd3
Bg7 9. h3 O-O 10. O-O Re8 11. Ne5 Be6 12. Rc1 Nxe5 13. Bxe5 Nd7 14. Bg3 b5 15.
a4 b4 16. Na2 Qb6 17. a5 Qxa5 18. Qb3 Rec8 19. Nxb4 Rcb8 20. Bxb8 Rxb8 21. Qa3
Qxb4 22. Qxa6 Nb6 23. Rc6 Nc4 24. Rxe6 fxe6 25. Qxe6+ Kh8 26. Qxd5 Nd6 27. Rc1
Qd2 0-1

[Event "Klaipeda championship 2011"]
[Site "http://www.bokstas.net"]
[Date "2011.04.03"]
[Round "10.3"]
[White "Žasytis Žilvinas"]
[Black "Černavina Ksenija"]
[WhiteElo "1771"]
[BlackElo "1755"]
[Result "1-0"]

1. e4 c5 2. Nc3 e6 3. f4 d5 4. Bb5+ Nc6 5. Nf3 Nge7 6. e5 Bd7 7. Bxc6 Nxc6 8.
d4 Qb6 9. Ne2 cxd4 10. Nexd4 Nxd4 11. Nxd4 Bc5 12. c3 Bb5 13. Be3 O-O 14. a4
Bd7 15. b4 Bxd4 16. Bxd4 Qc7 17. O-O Rfc8 18. Rf3 Qd8 19. Rh3 h6 20. g4 a6 21.
g5 Qf8 22. gxh6 gxh6 23. Qh5 Kh7 24. Kf2 Be8 25. Rg1 f5 26. Qh4 h5 27. Rhg3 Rc7
28. Bb6 Rd7 29. Bc5 Qh6 30. Rg8 Rf7 31. R1g5 Rc8 32. Rxe8 Rxe8 33. Rxh5 Qxh5
34. Qxh5+ Kg7 35. Qg5+ Kh7 36. Ke2 Rg8 37. Qh5+ Kg7 38. Kd3 Rc8 39. Qg5+ Kh7
40. Be7 Rg7 41. Qh5+ Kg8 42. Bf6 Rh7 43. Qg6+ 1-0

[Event "Klaipeda championship 2011"]
[Site "http://www.bokstas.net"]
[Date "2011.04.03"]
[Round "10.6"]
[White "Galuščak Viktoras"]
[Black "Barščiauskas Gintautas"]
[WhiteElo "1815"]
[BlackElo "1891"]
[Result "0-1"]

1. e4 e5 2. Nf3 d6 3. Bc4 Be7 4. d3 Nf6 5. Nc3 c6 6. Ne2 O-O 7. Bb3 Nbd7 8. c3
Nc5 9. Bc2 Qc7 10. h3 d5 11. Ng3 h6 12. O-O Be6 13. Be3 Rfe8 14. Qc1 Bf8 15.
Re1 dxe4 16. dxe4 Rad8 17. Rd1 Bc8 18. b4 Ne6 19. Nf5 b6 20. a4 Ba6 21. Ng3 Bc4
22. Qb2 c5 23. b5 g5 24. Ne1 Nf4 25. Nf5 Be2 26. Rdb1 c4 27. Kh2 Nd3 28. Bxd3
cxd3 29. f3 Rd7 30. Ng3 Bc5 31. Bd2 Red8 32. Ra2 Bf2 33. Qb4 Bxg3+ 34. Kxg3
Nh5+ 35. Kf2 Nf4 36. Rbb2 Rd6 37. Be3 Rc8 38. Ra3 Qd7 39. Bxf4 d2 40. Bxd2 Rxd2
41. Raa2 Rxb2 42. Rxb2 Rc4 43. Qb3 Qd1 44. Rc2 Rc5 45. c4 Rxc4 46. Qe3 Rxc2 47.
Nxc2 Qxc2 48. Qxe2 Qxa4 49. Qd3 Kg7 50. Kg3 Qd4 51. Qa3 Qc5 52. Qa4 Kg6 53. h4
Qe7 54. hxg5 Qxg5+ 55. Kh2 Qh4+ 56. Kg1 Qe1+ 57. Kh2 Qa5 58. Qb3 a6 59. bxa6
Qxa6 60. Qd5 Qa5 61. Qd7 Qc5 62. Qf5+ Kg7 63. Kg3 b5 64. Kg4 Qd6 0-1

[Event "Klaipeda championship 2011"]
[Site "http://www.bokstas.net"]
[Date "2011.04.10"]
[Round "11.1"]
[White "Barščiauskas Gintautas"]
[Black "Dubinskas Konstantinas"]
[WhiteElo "1891"]
[BlackElo "2052"]
[Result "0-1"]

1. e4 c5 2. Nf3 e6 3. d4 cxd4 4. Nxd4 a6 5. c4 Nf6 6. Nc3 d6 7. Be2 Be7 8. O-O
O-O 9. Be3 Nc6 10. f4 Qc7 11. Bf3 Re8 12. Nde2 b6 13. g4 Bb7 14. Ng3 g6 15. Qd2
Bf8 16. g5 Nd7 17. h4 Rad8 18. Rac1 Qb8 19. Qg2 Na5 20. Nce2 d5 21. cxd5 exd5
22. e5 Ba8 23. b3 Bc5 24. Nd4 Nc6 25. Rfd1 Ndxe5 26. Be2 Ng4 27. Bxg4 Rxe3 28.
Nge2 Nxd4 29. Rxc5 Nxe2+ 30. Bxe2 bxc5 0-1

[Event "Klaipeda championship 2011"]
[Site "http://www.bokstas.net"]
[Date "2011.04.10"]
[Round "11.3"]
[White "Drozdov Sergej"]
[Black "Armonaitis Silvestras"]
[WhiteElo "2242"]
[BlackElo "2108"]
[Result "1-0"]

1. d4 d6 2. c4 e5 3. d5 f5 4. Nc3 e4 5. f3 Nf6 6. Qc2 Be7 7. g3 O-O 8. Bg2 exf3
9. exf3 Nbd7 10. Nge2 Ne5 11. b3 Bd7 12. f4 Neg4 13. h3 Nh6 14. Bb2 c5 15. dxc6
bxc6 16. O-O-O Rc8 17. Kb1 Qa5 18. Qd2 Kh8 19. Nd4 Nf7 20. Rhe1 Rfe8 21. Ne6
Nd8 22. Ng5 h6 23. Nf3 Ne6 24. Nh4 Kh7 25. Na4 Qxd2 26. Rxd2 Nc7 27. Bf3 Ne4
28. Bxe4 fxe4 29. Ng2 Bxh3 30. Ne3 Ne6 31. Rh1 g5 32. f5 g4 33. fxe6 Bg5 34.
Re1 Rxe6 35. Ba3 c5 36. Rde2 Rf8 37. Bc1 Rf3 38. Rg1 h5 39. Nc3 Bf6 40. Kc2 Bd4
41. Bd2 Kg6 42. Ncd5 Be5 43. Nf4+ Bxf4 44. gxf4 Re8 45. f5+ Kf7 46. Be1 Kf6 47.
Bh4+ Ke5 48. f6 a5 49. Rge1 g3 50. Rg1 Rg8 51. f7 Rxf7 52. Rxg3 Rxg3 53. Bxg3+
Kd4 54. Bxd6 Rf3 55. Kd2 Bg4 56. Nc2# 1-0

[Event "Klaipeda championship 2011"]
[Site "http://www.bokstas.net"]
[Date "2011.04.10"]
[Round "11.5"]
[White "Jonuševičius Audrius"]
[Black "Žasytis Žilvinas"]
[WhiteElo "2090"]
[BlackElo "1771"]
[Result "1-0"]

1. d4 f5 2. Nf3 Nf6 3. c4 g6 4. Nc3 Bg7 5. Bg5 d6 6. Qd2 Ne4 7. Nxe4 fxe4 8.
Nh4 d5 9. e3 Nc6 10. b4 h6 11. Nxg6 hxg5 12. Nxh8 Bxh8 13. b5 Nb8 14. Qd1 Bf6
15. Qh5+ Kf8 16. Qh6+ Ke8 17. Qg6+ Kf8 18. cxd5 Qxd5 19. Rc1 Bf5 20. Qh6+ Ke8
21. Bc4 Qd6 22. O-O Nd7 23. h4 e6 24. hxg5 Be7 25. Qh5+ Kd8 26. g4 Nb6 27. gxf5
exf5 28. Bf7 Kd7 29. Rc5 f4 1-0

[Event "Klaipeda championship 2011"]
[Site "http://www.bokstas.net"]
[Date "2011.04.10"]
[Round "11.6"]
[White "Jocys Dalius"]
[Black "Vaitonis Vytautas"]
[WhiteElo "2207"]
[BlackElo "2029"]
[Result "0-1"]

1. d4 d5 2. Nf3 Nf6 3. c4 c6 4. Qc2 e6 5. g3 Be7 6. Bg2 O-O 7. O-O Nbd7 8. b3
b6 9. Nbd2 Bb7 10. e4 dxe4 11. Nxe4 h6 12. Rd1 Qc8 13. Ne5 Nxe5 14. dxe5 Nxe4
15. Qxe4 Rb8 16. Qg4 Kh8 17. c5 Rd8 18. Be3 Qc7 19. Qe4 Rxd1+ 20. Rxd1 Rd8 21.
Rc1 bxc5 22. h4 a5 23. Bf1 Bf8 24. Bd3 g6 25. h5 c4 26. Bxc4 c5 27. Qf4 g5 28.
Qg4 Qc6 29. Kf1 Bg7 30. Bxg5 hxg5 31. Qxg5 Qh1+ 32. Ke2 Bf3+ 0-1